| 000 | 00388nam a2200145Ia 4500 | ||
|---|---|---|---|
| 008 | 240729s9999 xx 000 0 und d | ||
| 022 | _a1920-4175 | ||
| 245 | 0 | _aCritical Education | |
| 260 | _aCanada | ||
| 260 | _bInstitute for Critical Education Studies | ||
| 650 | _aEducation | ||
| 856 | _uhttps://doaj.org/toc/a5d9951ae42b46c898406528faadcbf8 | ||
| 942 | _2ddc | ||
| 942 | _cDOAJEJ | ||
| 999 |
_c67257 _d67257 |
||
| 945 |
_a1 _bMadushi Gamage _c1 _dMadushi Gamage |
||